000 00251nam a2200085Ia 4500
245 0 _aAfrican tribal designs : CD-ROM & book
100 _a WILLIAMS, Geoffrey Mineola, NY, 2004
_9103551
942 _cBK
008 210818s9999 xx 000 0 und d
999 _c458785
_d458786